000 01638 a2200205 4500
003 NUST
005 20221110120130.0
010 _a 80050976
020 _a0395307066
040 _cNust
082 0 0 _a512.1,REI
100 1 _aReisman, Fredricka K.
_9102497
245 1 0 _aTeaching mathematics :
_bmethods and content /
_cFredricka K. Reisman.
250 _a2nd ed.
260 _aBoston :
_bHoughton Mifflin,
_cc1981.
300 _axvi, 512 p. :
_bill. ;
_c25 cm.
505 _aReconciling Modern Math, Back-to-Basics, and Teaching Mathematics Today (Page-1), Whole Numbers and the Concept of Set (Page-17), Teaching Place Value (Page-37), Addition of Whole Numbers (Page-69), Addition Algorithms (Page-88), Multiplication of Whole Numbers (Page-99), Multiplication Algorithms (Page-125), Extending Whole Numbers to Negative Numbers (Page-142), Subtraction (Page-158), Subtraction Algorithms (Page-175), Division Algorithms (Page-208), Prime and Composite Whole Numbers (Page-231), Rational Numbers and Fraction Concepts (Page-241), Renaming Fractions (Page-259), Computation with Fractions (Page-279), Decimals and How to Write Them (Page-304), Computation with Decimals (Page-324), Whole Numbers Extended Estimation, Rounding, Simplifying Expressions, and Exponents (Page-332), Nonmetric Geometry Figurate Numbers, Relations, and Graphs (Page-347), Transformational Geometry and Topological Relationships (Page-378), Measurement Including Metric Geometry (Page-404Mathematical Applications (Page-438), Solving Word Problems (Page-457).
650 0 _aMathematics
_xStudy and teaching (Elementary)
_9102188
942 _2ddc
_cBK
_k512.1,REI
999 _c182073
_d182073